000 00301nam a22001217a 4500
020 _a978-0-706-99777-4
082 _a658.15
100 _aPandey, I. M.
245 _aEssentials of Finance Management
260 _aNew Delhi:
_bVikas Publishing,
_c2008
300 _axiii, 486p.: il.; 24cm
942 _cBK
999 _c22212
_d22212